| 000 | 01320nam a22002417a 4500 | ||
|---|---|---|---|
| 001 | 4939 | ||
| 003 | FISKH | ||
| 005 | 20241025150034.0 | ||
| 008 | 241025b cb ||||| |||| 00| 0 eng d | ||
| 020 | _a9780330432924 | ||
| 040 |
_aFISKH _beng _cFISKH _dFISKH |
||
| 050 | _aPR6056.I4588 | ||
| 082 | _a823.914 | ||
| 100 | _aFielding, Helen | ||
| 245 |
_aOlivia Joules and the Overactive Imagination / _cby Helen Fielding |
||
| 260 |
_aNew York : _bPicador ; _c2003 . |
||
| 300 |
_a343 pages : _billustrations ; _c19 cm . |
||
| 520 | _aShe's a dazzling independent beauty journalist turned secret agent, and she's got her priorities right on the money: pack the hairdryer first, the nerve agent dispenser later. Her name is Olivia Joules ("as in the unit of kinetic energy") and she's ready to take America by storm with charm, style, and her infamous Overactive Imagination. Could her arch-enemy truly be Pierre Ferramo, he of the hooded eyes, impeccable taste, unimaginable wealth, exotic international homes, and dubious French accent? Could he be a terrorist bent on the destruction of the Western world, or is it just Olivia's imagination investing a naughty playboy with deadly significance? | ||
| 650 |
_achick lit _vfiction |
||
| 700 |
_aBrownfield, Mick _eillustrator |
||
| 942 |
_2ddc _cBK _n0 |
||
| 999 |
_c4939 _d4939 |
||